Egyesültek a megye fodrászszövetkezetei

Elmentve itt :
Bibliográfiai részletek
Dokumentumtípus: Cikk
Megjelent: 1964-01-14
Sorozat:Délmagyarország 54 No. 10
Kulcsszavak:Horga György, Mihók András, Bacsa Béla, Fodrász Ktsz., Szolgáltatóipar fodrászat Szeged 1964
Online Access:http://dmarchiv.bibl.u-szeged.hu/65436
LEADER 00497nab a2200145 i 4500
001 delm65436
005 20180927151338.0
008 180927s1964 hu o 0|| hun d
040 |a SZTE Délmagyarország Archívum  |b hun 
041 |a hun 
245 0 0 |a Egyesültek a megye fodrászszövetkezetei  |h [elektronikus dokumentum] 
260 |c 1964-01-14 
300 |a 5 
490 0 |a Délmagyarország  |v 54 No. 10 
695 |a Horga György, Mihók András, Bacsa Béla, Fodrász Ktsz., Szolgáltatóipar fodrászat Szeged 1964